| Tag |
First Indicator |
Second Indicator |
Subfields |
| LEADER |
00000cam a2200000 a 4500 |
| 001 |
in00001502913 |
| 005 |
20151021074510.0 |
| 008 |
850606m19841986ru b 001 0 ruso |
| 010 |
|
|
|a 85163201
|
| 020 |
|
|
|c 1.40rub (kn. 1)
|
| 035 |
|
|
|a (OCoLC)12552906
|
| 035 |
|
|
|9 AJH7959AM
|
| 040 |
|
|
|a DLC
|c DLC
|d TXA
|d UtOrBLW
|
| 049 |
|
|
|a TXAM
|
| 050 |
0 |
0 |
|a PG3453.B6
|b Z673 1984
|
| 100 |
1 |
|
|a Miller, O. V.
|
| 245 |
1 |
0 |
|a Biblioteka A. A. Bloka :
|b opisanie /
|c sostavili O.V. Miller, N.A. Kolobova, S.I︠A︡. Vovina ; pod redakt︠s︡ieĭ K.P. Lukirskoĭ.
|
| 264 |
|
1 |
|a Leningrad :
|b BAN,
|c 1984-1986.
|
| 300 |
|
|
|a 3 volumes ;
|c 22 cm.
|
| 336 |
|
|
|a text
|b txt
|2 rdacontent
|
| 337 |
|
|
|a unmediated
|b n
|2 rdamedia
|
| 338 |
|
|
|a volume
|b nc
|2 rdacarrier
|
| 500 |
|
|
|a At head of title: Ordena Trudovogo Krasnogo Znameni Biblioteka Akademii nauk SSSR. Ordena Trudovogo Krasnogo Znameni Institut russkoĭ literatury (Pushkinskiĭ dom) Akademii nauk SSSR.
|
| 504 |
|
|
|a Includes bibliographical references and indexes.
|
| 600 |
1 |
0 |
|a Blok, Aleksandr Aleksandrovich,
|d 1880-1921
|x Books and reading.
|
| 600 |
1 |
0 |
|a Blok, Aleksandr Aleksandrovich,
|d 1880-1921
|x Library.
|
| 700 |
1 |
|
|a Kolobova, N. A.
|q (Nina Aleksandrovna)
|
| 700 |
1 |
|
|a Vovina, S. I͡A.
|q (Svetlana I͡Akovlevna)
|
| 700 |
1 |
|
|a Lukirskai͡a, K. P.
|q (Ksenii͡a Petrovna)
|
| 710 |
2 |
|
|a Akademii︠a︡ nauk SSSR.
|b Biblioteka.
|
| 710 |
2 |
|
|a Institut russkoĭ literatury (Pushkinskiĭ dom)
|
| 948 |
|
|
|a c:ml
|
| 999 |
|
|
|a MARS
|
| 999 |
f |
f |
|s 6780f6dd-b9b2-39eb-b6c1-ab38b93d1a22
|i 0969eb92-0dca-3013-bab9-06a5fc2a9cb2
|t 0
|
| 952 |
f |
f |
|p ric
|a Texas A&M University
|b Rellis Campus
|c Joint Library Facility
|d Remote Storage
|t 0
|e PG3453.B6 Z673 1984
|h Library of Congress classification
|i unmediated -- volume
|k kn.1
|m A14825064686
|
| 998 |
f |
f |
|a PG3453.B6 Z673 1984
|s kn.1
|t 0
|l Remote Storage
|